000 00953cam a2200289 4500
008 090401t1995 xxu||||| |||| 00| 0 eng d
020 _a1860810195
035 _a(Sirsi) u58772
041 _aeng
050 _a697.93
110 _aBuilding Research Establishment
245 2 _aA questionnaire for studies of sick building syndrome: a report to The Royal Society of Health Advisory Group on sick building syndrome.
260 _aGarston, Watford
_bBuilding Research Establishment
_c1995
300 _aiv,9p. ; 30cm.
350 _a10
490 _aBRE Report
_v287
520 _aIncludes questionnaire: Office Environment Survey.
650 _aOFFICE ENVIRONMENT SURVEY
650 _aOFFICES
650 _aROYAL SOCIETY OF HEALTH ADVISORY GROUP
650 _aSICK BUILDING SYNDROME
650 _aSICK BUILDINGS
690 _aOFFICE SERVICES AND ADMINISTRATION
700 _aRaw, G. J.
_xEditor
942 _n0
948 _c04/03/1997
999 _c94102
_d94102